000 01123cam a22002291 4500
001 hew59000019
003 DLC
005 20260227111509.0
008 870924s1959 dcu b f000 0 eng
010 _ahew59000019
035 _a(OCoLC)16747835
040 _aDLC
_cOrPS
_dDLC
050 0 0 _aL111
_b.A6 1959, no. 12
100 1 _aWilliams, Harold M.
_q(Harold Marshall),
_d1899-
245 1 0 _aEducation of the severely retarded child;
_ba bibliographical review,
_cprepared by Harold M. Williams and J.E. Wallace Wallin.
260 _a[Washington]
_bU.S. Dept. of Health, Education, and Welfare, Office of Education
_c[1959]
300 _aiv, 26 p.
_c25 cm.
440 0 _aBulletin (United States. Office of Education) ;
_v1959, no. 12
501 _aCopies 1 and 2 with: Status of preparation programs for guidance and student personnel workers / Paul MacMinn and Roland G. Ross. Washington : U.S. Dept. of Health, Education, and Welfare, Office of Education, 1959. Bound together subsequent to publication.
_5DLC
650 0 _aChildren with mental disabilities
_xEducation.
700 1 _aWallin, John Edward Wallace,
_d1876-
999 _c34190
_d34190